Grösste Fast-Food-Ketten der Welt - Statistiken

Allgemein
  • Dieses Quiz wurde 513 mal gespielt
  • Das Durchschnittsergebnis liegt bei 6 aus 12
Antwortstatistiken
# Standorte Name des Unternehmens % Korrekt
40,275 McDonalds
100%
19,247 Burger King
99%
37,000 Subway
93%
26,934 KFC
90%
18,848 Pizza Hut
56%
36,170 Starbucks
53%
7,791 Taco Bell
47%
18,381 Domino's
44%
11,300 Dunkin'
37%
10,427 Krispy Kreme
2%
7,000 Orange Julius / Dairy Queen
1%
8,000 Hunt Brothers Pizza
0%
Keine übereinstimmenden Quizze gefunden
Verteilung der Resultate
Anzahl Personen mit jedem Resultat
Perzentil nach korrekt beantworteten Fragen
Ihre Resultats-Entwicklung
Sie haben dieses Quiz noch nicht gespielt